000
00332nam a22001451a 4500
082
_a
M3
_b
JOJ/V
100
_a
Joji
245
_a
Vangoginte kootukar/
_c
by Joji
260
_a
Thrissur:
_b
Nishagandhi,
_c
2000.
300
_a
160p.
650
_a
Novel Malayalam
650
_a
Literature Malayalam
650
_a
Literature
942
_c
BK
999
_c
49086
_d
49086